Comparative politics today : (Record no. 20345)
[ view plain ]
| 000 -LEADER | |
|---|---|
| fixed length control field | 00959cam a22002775a 4500 |
| 001 - CONTROL NUMBER | |
| control field | 17962846 |
| 005 - DATE AND TIME OF LATEST TRANSACTION | |
| control field | 20160517154111.0 |
| 008 - FIXED-LENGTH DATA ELEMENTS--GENERAL INFORMATION | |
| fixed length control field | 131204t2015 enka frb 001 0 eng d |
| 020 ## - INTERNATIONAL STANDARD BOOK NUMBER | |
| International Standard Book Number | 129207695X |
| 020 ## - INTERNATIONAL STANDARD BOOK NUMBER | |
| International Standard Book Number | 9781292076959 |
| 040 ## - CATALOGING SOURCE | |
| Original cataloging agency | DLC |
| Language of cataloging | eng |
| Transcribing agency | DLC |
| Modifying agency | EG-ScBUE |
| -- | EG-ScBUE |
| 082 04 - DEWEY DECIMAL CLASSIFICATION NUMBER | |
| Classification number | 320.3 |
| Item number | COM |
| Edition number | 22 |
| 245 00 - TITLE STATEMENT | |
| Title | Comparative politics today : |
| Remainder of title | a world view / |
| Statement of responsibility, etc | [edited by] G. Bingham Powell, Russell J. Dalton, Kaare W. Strom. |
| 250 ## - EDITION STATEMENT | |
| Edition statement | 11th ed., Global ed. |
| 260 ## - PUBLICATION, DISTRIBUTION, ETC. (IMPRINT) | |
| Place of publication, distribution, etc | Harlow : |
| Name of publisher, distributor, etc | Pearson Education Limited, |
| Date of publication, distribution, etc | c.2015. |
| 300 ## - PHYSICAL DESCRIPTION | |
| Extent | 768 p. : |
| Other physical details | ill. (col.) ; |
| Dimensions | 26 cm. |
| 500 ## - GENERAL NOTE | |
| General note | Index : p. 755-768. |
| 504 ## - BIBLIOGRAPHY, ETC. NOTE | |
| Bibliography, etc | Includes bibliographical references. |
| 650 #7 - SUBJECT ADDED ENTRY--TOPICAL TERM | |
| Topical term or geographic name as entry element | Comparative government. |
| Source of heading or term | BUEsh |
| 9 (RLIN) | 6707 |
| 651 ## - SUBJECT ADDED ENTRY--GEOGRAPHIC NAME | |
| Source of heading or term | BUEsh |
| 653 ## - INDEX TERM--UNCONTROLLED | |
| Resource For college | BAEPS, Political Science |
| Arrived date list | July2015 |
| -- | January2016 |
| -- | May2016 |
| 700 1# - ADDED ENTRY--PERSONAL NAME | |
| Personal name | Powell, G. Bingham, |
| Relator term | editor. |
| 700 1# - ADDED ENTRY--PERSONAL NAME | |
| Personal name | Dalton, Russell J., |
| 9 (RLIN) | 15707 |
| Relator term | editor. |
| 700 1# - ADDED ENTRY--PERSONAL NAME | |
| Personal name | Strom, Kaare, |
| Relator term | editor. |
| 942 ## - ADDED ENTRY ELEMENTS (KOHA) | |
| Source of classification or shelving scheme | Dewey Decimal Classification |
| Call number prefix | 320.3 COM |
| Withdrawn status | Lost status | Source of classification or shelving scheme | Damaged status | Not for loan | Koha collection | Home library | Current library | Shelving location | Date acquired | Source of acquisition | Cost, normal purchase price | Serial Enumeration / chronology | Total Checkouts | Total Renewals | Full call number | Barcode | Date last seen | Date last borrowed | Cost, replacement price | Koha item type |
|---|---|---|---|---|---|---|---|---|---|---|---|---|---|---|---|---|---|---|---|---|
| Dewey Decimal Classification | Baccah | Central Library | Central Library | First floor | 20/07/2015 | Purchase | 394.00 | 21765 | 2 | 15 | 320.3 COM | 000030569 | 15/07/2025 | 10/11/2021 | 493.00 | Book - Borrowing | ||||
| Dewey Decimal Classification | Alahram | Central Library | Central Library | First floor | 17/05/2016 | Purchase | 295.00 | 3 | 2 | 10 | 320.3 COM | 000032528 | 15/07/2025 | 10/11/2021 | 368.75 | Book - Borrowing |